00901cam a2200241 a 450000100100000000500170001000800410002702000150006804000200008308200200010310000410012324501020016426000290026630000210029549000260031665000320034265000330037470000530040783000330046091000280049395201230052199900150064400000986020200929161733.0990203s1998 ec 001 p spa  a9978804242 aDO-SdBNPdBNPHU aE861.44bZ12ó1 aZabala Ruíz, Manuel,d1928-92479510aObra poética completa /cManuel Zabala Ruíz ; estudio introductorio, Xavier Oquendo Troncoso. aQuito :bLibresa,c1998. a280 p. ;c20 cm.1 aCrónica de Sueños 4aPoesía ecuatoriana913387 4aLiteratura ecuatoriana939381 aOquendo Troncoso, Xavier,d1972-eintrod.924796 0aCrónica de Sueños921507 aCatalogación derivada 001052708MOaGRbGRcCTd2009-10-01iLF1l0oE861.44 Z12óp9860-10r2020-06-25w2020-06-25y2ZPréstamo interno c9619d9619